000 01294nam0a2200325 i 4500
001 RU\NLR\BIBL_A\011099034
005 20240922014958.0
010 _a9785000951286
_9150
021 _aRU
_b2016-22470
_91420
035 _a(NILC)RuMoRGB-008254842
035 _a(NLR Aleph) 011099034
090 _a11409669
_c11409669
100 _a20160408d2016 um y0rusy50 ca
101 0 _arus
102 _aRU
105 _ay|||z|||000ay
200 1 _aОгоньки
_eповести и рассказы
_fАлександр Махнёв
210 _aМосква
_cУ Никитских ворот
_d2016
215 _a209, [2] с.
_d21
300 _aНа 4-й с. обл. авт.: Махнёв А.В., полк. в отставке
327 1 _aСодерж.: разделы: Огоньки; Повести, рассказы, эссе, миниатюры; Иронические зарисовки; Размышления у компьютера
675 _a821.161.1
686 2 _aШ6(2=Р)8-44
700 1 _aМахнёв
_bА. В.
_cписатель
_f1949-
_gАлександр Владимирович
_9194018
_3RU\NLR\AUTH\770194069
801 0 _aRU
_bРГБ
_c20160323
_gRCR
942 _cBOOK
980 _aNBR